Fr. Conceicao Rodrigues College of Engineering

The Random House Dictionary of The English Languages (Record no. 23907)

MARC details
000 -LEADER
fixed length control field 00315nam a2200133Ia 4500
100 ## - MAIN ENTRY--PERSONAL NAME
Personal name Urdang/Laurence
245 ## - TITLE STATEMENT
Title The Random House Dictionary of The English Languages
260 ## - PUBLICATION, DISTRIBUTION, ETC.
Name of publisher, distributor, etc. Tulsi Shah
Place of publication, distribution, etc. Bombay
Date of publication, distribution, etc. 1969
300 ## - PHYSICAL DESCRIPTION
Extent 1568
546 ## - LANGUAGE NOTE
Language note ENGLISH
650 ## - SUBJECT ADDED ENTRY--TOPICAL TERM
Topical term or geographic name entry element Economics
654 ## - SUBJECT ADDED ENTRY--FACETED TOPICAL TERMS
Focus term Dictionary
942 ## - ADDED ENTRY ELEMENTS (KOHA)
Koha item type BOOK
Holdings
Withdrawn status Lost status Damaged status Not for loan Collection Home library Current library Date acquired Cost, normal purchase price Inventory number Total Checkouts Full call number Barcode Date last seen Date last checked out Cost, replacement price Price effective from Koha item type
        AFT Fr. Agnel's C.Rodrigues College of Engineering Fr. Agnel's C.Rodrigues College of Engineering 17/03/2023 30.00 259 1 AFT1220 19/07/2024 05/06/2023 30.00 17/03/2023 BOOK